[Event "Olympiad-33"]
[Site "Elista"]
[Date "1998.10.06"]
[Round "8.4"]
[White "Gulko, Boris F"]
[Black "Kolev, Atanas"]
[Result "1-0"]
[WhiteElo "2585"]
[BlackElo "2550"]
[Annotator "Ribli,Z"]
[PlyCount "73"]
[EventDate "1998.09.29"]
[EventType "team-swiss"]
[EventRounds "13"]
[EventCountry "RUS"]
[SourceTitle "CBM 068"]
[Source "ChessBase"]
[SourceDate "1999.02.01"]
[SourceVersion "1"]
[SourceVersionDate "1999.02.01"]
[SourceQuality "1"]
[WhiteTeam "US of America"]
[BlackTeam "Bulgaria"]
[WhiteTeamCountry "USA"]
[BlackTeamCountry "BUL"]

{[%mdl 16]} 1. c4 {Hecht} Nf6 2. Nc3 e5 3. Nf3 Nc6 4. g3 d5 5. cxd5 Nxd5 6. Bg2
{Weiß spielt eigentlich eine "Drachenvariante" mit Mehrtempo. Ribli.} Nb6 7.
O-O Be7 8. a3 O-O 9. b4 Be6 10. d3 a5 11. b5 Nd4 12. Nd2 $5 (12. Nxd4 exd4 13.
Na4 Bd5 14. Nxb6 cxb6 15. a4 Bxg2 16. Kxg2 Qd5+ 17. Kg1 Bc5 $15 {[%csl Gc5,Gd4,
Gd5,Re2] Und Schwarz hat positionellen Druck. Der weiße e-Bauer ist eine
dauerhafte Schwäche.}) 12... c6 (12... Nd5 $2 {Das ist ein wohlbekannter
theoretischer Fehler.} 13. Bxd5 Bxd5 14. e3 $18 {[%csl Rd4,Rd5] Und Schwarz
verliert die Figur. Nach 14...Ne6 oder 14...Nf5 kommt 15.e4.}) 13. bxc6 Nxc6 (
13... bxc6 $2 {[%csl Rc6] Schwarz hat keine Kompensation für seine schlechte
Bauernstruktur.} 14. e3 $16 {Hansen,C-Zueger,B Praga Bohemians-A 1989 CBM/12})
14. Rb1 $1 {[%cal Gb1b7] [#]Der weiße Turm steht ausgezeichnet in der b-Linie.
Die Entwicklung des Damenläufers kann warten.} (14. a4 Qd7 15. Nf3 Rac8 16. Rb1
Bb4 17. Bd2 f6 18. Nb5 $10 {Hansen,Cu-Romanishin,O Tastrup 1992 CBM/28}) (14.
Na4 Nxa4 15. Qxa4 Nd4 $11 {[%csl Gd4]} (15... Bd5 $11)) (14. Bb2 $6 {Dieser
schablonenhafte Zug vereinfacht dem Schwarzen das Spiel.} a4 15. Rc1 Ra5 $15)
14... a4 (14... Rc8 $5 15. Bb2 Re8 16. Re1 Bf8 17. Na4 Nd5 18. Nc3 Nxc3 19.
Bxc3 Bxa3 20. Qa4 Bf8 21. Rxb7 Bd5 22. Bh3 Be6 23. Bg2 Bd5 24. Bh3 Be6 {
1/2-1/2 Zueger,B-Romanishin,O/Cannes 1998/CBM 63 ext (24)}) 15. Bxc6 $1 {
Weiß gibt den Läufer auf, spielt auf die Bauernstruktur.} bxc6 16. Qc2 {[#]} h5
{So kommt Schwarz zu Gegenspiel am Königsflügel.} (16... c5 $6 17. Rd1 Ra6 18.
Nc4 $1 Nxc4 19. dxc4 Rd6 20. Rxd6 Qxd6 21. Nxa4 g6 22. e4 f5 23. Be3 $1 {
1-0 Vladimirov,E-Savchenko,S/Helsinki 1992/CBM 32/[Ribli] (31)}) (16... f5 17.
Bb2 $13 {Weiß hat die bessere Bauernstruktur, aber Schwarz entfaltet
Initiative am Königsflügel und ist in Besitz des Läuferpaares.}) 17. Nf3 $11 {
[%cal Rf3e5]} Nd7 $6 {Es wäre meines Erachtens besser, den a-Bauern noch zu
verteidigen.} (17... Bb3 $5 18. Qd2 Nd7 (18... f6 19. Bb2 $11) 19. d4 $11) 18.
Nxa4 Bg4 19. Ra1 {[%cal Ga1a3] Weiß konsolidiert lieber seine Stellung, statt
auf c6 zu nehmen.} (19. Qxc6 Qc8 (19... Ra7) 20. Qxc8 (20. Qe4 $5) 20... Rfxc8
$44 {[%csl Ra3,Ra4,Ga8,Gc8,Gg4]}) 19... Ra6 {[%cal Gd8a8,Ga8a1]} (19... Bxf3
20. exf3 Ra6 21. Be3 $14) 20. Be3 $1 $14 {[%csl Yc5] Weiß bereitet 21.Nc5 vor.
Er kommt so in eine technische Stellung mit Mehrbauern.} Qa8 21. Nc5 {[%csl
Gc5]} Bxc5 22. Bxc5 {[%cal Rc5f8,Gc5a3]} Nxc5 23. Qxc5 {[%csl Gc5,Re5]} Bxf3 {
Schwarz hat nichts besseres. Er muß den Läufer tauschen.} (23... Ra5 24. Qc3 f6
$6 {[%csl Rg8] Dieser Zug verteidigt zwar den e5-Bauern, aber er schwächt die
Königsstellung.} 25. Rfb1 $16) 24. exf3 {[%csl Ra3,Rc6,Rd3,Re5,Rf3,Rh5] Es
sind nur noch Schwerfiguren auf dem Brett und beide Parteien haben
strukturelle Probleme, aber Weiß hat einen Bauern mehr und seine Dame steht
sehr aktiv.} Ra5 25. Qc3 Rd8 26. Rfe1 {[%cal Re1e5]} Rdd5 $6 {Schwarz
vermeidet den Zug 26...f6 und verteidigt den Bauern mit dem Turm. Diese Idee
scheint mir etwas zu passiv.} (26... f6 $5 {[%cal Ga5d5,Gd8d3] Jetzt könnte
Schwarz die Türme in der d-Linie verdoppeln.}) 27. Re4 {[%cal Ge4c4,Gc4c6]}
Rdc5 (27... Qd8 {[%cal Rd8d3]} 28. d4 $5 (28. Qxc6 $6 Rdc5 {[%csl Rc6]} 29. Qb7
Rab5 30. Qa6 Ra5 $11) 28... exd4 (28... Rxd4 29. Qxc6 $14) 29. Qxc6 $14) 28.
Rc4 Rxc4 29. dxc4 $5 {So verbessert Weiß seine Bauernstruktur.} (29. Qxc4 Ra4
$14 (29... Rxa3 30. Rxa3 Qxa3 31. Qxc6 Kf8 $14 (31... Qxd3 $2 32. Qe8+ Kh7 33.
Qxf7 $16 {[%csl Gf7,Rh7]}))) 29... Qa7 {Hecht: '[#] Eine gegen drei
Bauernschwächen bei einem weißen Mehrbauern. Zudem besitzt Weiß die bessere
Königsstellung. Da der a-Bauer nicht voranzubringen ist, wechselt der weiße
Turm von der passiven Position a1 in die offene d-Linie, von wo aus im
Zusammenspiel mit der Dame Drohungen gegen den schwarzen König und die
schwarzen Bauernschwächen aufgestellt werden können. '} (29... Qd8 $142 {Hecht}
) 30. Rd1 {'!' Hecht.} g6 (30... Rxa3 $2 31. Qxe5 $18 {[%csl Rg8][%cal Re5h5,
Rd1d8]}) (30... f6 {Hecht} 31. Rd8+ Kf7 (31... Kh7 32. Qd3+ $18) 32. Qd2 $5 $18
(32. Qd3 Rxa3 33. Rd7+ Ke8 (33... Kg8 34. Qf5 $18) 34. Rxa7 Rxd3 35. Rxg7 Rc3
36. Rh7 Rxc4 37. Rxh5 Rc1+ 38. Kg2 c5 39. Rh7 $16)) 31. Kg2 Qa8 (31... Rxa3 $2
32. Rd8+ Kh7 33. Qxe5 $18 {[%csl Rh7]}) 32. c5 $16 {[%csl Re5] Weiß verteidigt
seinen a-Bauern nicht mehr, er spielt stattdessen auf Angriff am Königsflügel.
Schwarz muß den e5-Bauern geben und gerät so in eine schwierige Lage.} Rxa3 33.
Qxe5 {[%csl Rc6]} Qf8 $8 (33... Ra6 34. Qf6 {[%csl Rg8][%cal Rd1d8,Rd8a8,Rd8g8]
}) 34. Qf6 {[%cal Rd1d8,Rd8g8,Rf6c6]} Qg7 35. Qxc6 $18 {[%csl Gc5] Weiß hat
bereits zwei Mehrbauern und steht auf Gewinn. Der c-Freibauer entscheidet die
Partie.} h4 36. Rd8+ Kh7 37. Rd7 {[%csl Gc6,Gd7,Rg7,Rh7] Und Schwarz gab seine
hoffnungslose Stellung auf.} (37. Rd7 {[%csl Rf7]} hxg3 38. hxg3 Ra1 39. Qd5 {
[%cal Rd7f7]} Kg8 40. c6 $18) 1-0

[Event "Interzonal-16"]
[Site "Biel"]
[Date "1993.??.??"]
[Round "5"]
[White "Hansen, Curt"]
[Black "Epishin, Vladimir"]
[Result "1/2-1/2"]
[WhiteElo "2590"]
[BlackElo "2655"]
[Annotator "Ribli,Z"]
[PlyCount "54"]
[EventDate "1993.07.16"]
[EventType "swiss"]
[EventRounds "13"]
[EventCountry "SUI"]
[SourceTitle "CBM 037"]
[Source "ChessBase"]
[SourceDate "1993.12.01"]
[SourceVersion "1"]
[SourceVersionDate "1993.12.01"]
[SourceQuality "1"]

1. c4 e5 2. Nc3 Nf6 3. Nf3 Nc6 4. g3 Bb4 5. Nd5 Bc5 (5... e4 {Gurevich,M-Adams,
M/Munich/1993/CBM36/INF57,38/}) 6. Bg2 d6 7. O-O O-O 8. e3 Bb6 $5 (8... Bg4 {
Zueger,B-Fauland,A/SWC-chI/1992/CBM31/}) 9. d3 (9. d4 Bg4 $5 $13 {Serper,
G-Lobron,E/Dortmund/1993/CBM35/INF57,39/} (9... Re8 $6 10. Nxb6 axb6 11. d5 $14
{Lautier,J-Epishin,V/Terrassa/1991/CBM24/INF52,41/})) 9... Nxd5 $1 10. cxd5 Ne7
11. Nd2 c6 12. dxc6 Nxc6 13. b3 d5 $10 14. Bb2 Be6 15. h3 f6 16. Kh2 Rc8 17.
Qe2 d4 $6 (17... Qd7 $5) 18. Nc4 dxe3 19. fxe3 Qd7 20. Ba3 Ne7 (20... Rfd8 21.
Nd6 $14) 21. Rad1 Rfd8 22. Nxb6 axb6 23. d4 exd4 24. Rxd4 Qc7 25. Re4 (25. Rc1
Nc6 $13) 25... Qd7 26. Rd4 Qc7 27. Re4 Qd7 1/2-1/2

[Event "Interzonal-16"]
[Site "Biel"]
[Date "1993.??.??"]
[Round "8"]
[White "Seirawan, Yasser"]
[Black "Gurevich, Mikhail"]
[Result "1-0"]
[WhiteElo "2575"]
[BlackElo "2605"]
[Annotator "Ribli,Z"]
[PlyCount "123"]
[EventDate "1993.07.16"]
[EventType "swiss"]
[EventRounds "13"]
[EventCountry "SUI"]
[SourceTitle "CBM 037"]
[Source "ChessBase"]
[SourceDate "1993.12.01"]
[SourceVersion "1"]
[SourceVersionDate "1993.12.01"]
[SourceQuality "1"]

1. c4 Nf6 2. Nc3 e5 3. Nf3 Nc6 4. g3 d5 5. cxd5 Nxd5 6. Bg2 Nb6 7. O-O Be7 8.
a3 O-O 9. b4 Be6 10. Rb1 f6 11. d3 Nd4 12. Be3 c5 (12... Nxf3+ 13. Bxf3 c6 14.
Ne4 Bd5 15. a4 f5 16. Nd2 Nd7 17. Bxd5+ cxd5 18. Qb3 $14 {Serper-Tivjakov/URS/
1991/INF52,38/}) 13. Ne4 Nxf3+ $6 (13... cxb4 $5 14. axb4 Nxf3+ 15. Bxf3 Nd5
$13 {Kramnik,V-Aseev,K/URS-ch/1991/CBM27/INF53(41)/}) 14. Bxf3 cxb4 15. Nc5 $1
Bxc5 (15... Bd5 16. Bxd5+ (16. Nxb7 Rb8 $13) 16... Qxd5 17. axb4 $14) 16. Bxc5
Rf7 17. Bxb6 $5 (17. axb4 Nd5 $10) 17... axb6 (17... Qxb6 18. Rxb4 Qa6 19. Qa4
$14) 18. axb4 Qd4 19. Qc1 Bg4 20. Bxg4 Qxg4 21. Qb2 Rc7 22. Rbc1 Rac8 23. Rxc7
Rxc7 24. Ra1 Kf7 25. f3 Qd7 (25... Qd4+ 26. Qxd4 exd4 27. Ra8 $16) 26. g4 Kg6
27. Kf2 Qd6 28. Kg2 Qc6 29. b5 Qc2 30. Rb1 Kf7 31. Kf2 Qxb2 32. Rxb2 Rc5 33.
Ke3 Ke6 34. Kd2 Kd6 35. Rb4 g6 36. e3 Kd5 37. h4 h5 38. gxh5 gxh5 39. f4 Rc8
40. fxe5 fxe5 41. Ra4 Rg8 42. Rc4 Kd6 43. e4 Rg2+ 44. Ke3 Rb2 (44... Rh2 $5)
45. Rc8 Rxb5 46. Rh8 Rb2 47. Rh6+ $1 Kd7 48. Rxh5 Kd6 49. Rh6+ Kd7 50. Rh7+ Kd6
51. Rxb7 Kc6 52. Re7 Kd6 53. Rh7 Rh2 54. Rh6+ Kd7 55. Kf3 b5 56. Kg4 Kc7 57.
Re6 Rd2 58. Rxe5 Kc6 59. h5 Rxd3 60. h6 Rd8 61. Rh5 b4 62. h7 1-0

[Event "Skopje op 18th"]
[Site "Skopje"]
[Date "2002.01.15"]
[Round "1"]
[White "Kutirov, Rolando"]
[Black "Damljanovic, Branko"]
[Result "0-1"]
[WhiteElo "2367"]
[BlackElo "2545"]
[Annotator "Ribli,Z"]
[PlyCount "64"]
[EventDate "2002.01.15"]
[EventType "swiss"]
[EventRounds "9"]
[EventCountry "MKD"]
[SourceTitle "CBM 088"]
[Source "ChessBase"]
[SourceDate "2002.03.21"]
[SourceVersion "1"]
[SourceVersionDate "2002.03.21"]
[SourceQuality "1"]

1. c4 e5 2. g3 Nf6 3. Bg2 d5 4. cxd5 Nxd5 5. Nf3 Nc6 6. O-O Nb6 7. Nc3 Be7 8.
d3 O-O 9. a3 {Das ist eigentlich eine Stellung der Drachenvariante der
Sizilianischen Verteidigung, nur mit vertauschten Farben. Der Textzug bereitet
b2-b4 vor.} Re8 10. b4 Bf8 11. Bb2 Bg4 $5 {Dieser Plan wird selten gespielt,
ist aber logisch - Schwarz entwickelt den Läufer und möchte ihn anschließend
nach 12...Qd7 gegen den Bg2 abtauschen.} (11... a5 12. b5 Nd4) 12. Re1 {
Weiß verteidigt prophylaktisch den Pe2 und kann im Falle von Bh3 dem
Läufertausch durch den Zug Bh1 vermeiden.} (12. h3 $5) (12. b5 $5 Nd4 13. Nd2)
12... Qd7 (12... a5 13. b5 Nd4 14. Nxd4 exd4 15. Na4 Bxe2 16. Rxe2 Rxe2 17.
Qxe2 Nxa4 18. Bxb7 Rb8 19. Bc6 Qd6 {0-1 Hebert,J-Aronian,L/Cannes 1996/CBM 51
ext (48)}) 13. Rc1 {Dieser Zug gefällt mir nicht - der Turm steht im Prinzip
zwar nicht schlecht auf der c-Linie, aber in unserer konkreten Partie bekommt
Schwarz jetzt starkes Spiel im Zentrum.} (13. b5 Nd4 14. Nd2 $5 (14. Nxd4 $6
exd4 $15 {[%cal Ge8e2,Gg4e2]})) 13... a5 $1 14. b5 (14. bxa5 Rxa5 15. Nd2 Bxa3
16. Bxa3 Rxa3 17. Nb3 Nd4 18. Nc5 Qe7 19. Nd5 Nxd5 20. Bxd5 c6 21. Bg2 Ra2 {
0-1 Schunk,H-Kuehn,M/Bayern 1996/EXT 99 (40)}) 14... Nd4 {[%csl Gd4] Der
Springer steht ausgezeichnet auf d4 - jetzt hängt der Pb5, und nach dem evtl.
Tausch auf d4 bekäme Schwarz starken Druck gegen den Pe2.} 15. a4 (15. Nd2 Nxb5
16. Bxb7 Rab8 17. Bg2 (17. Nxb5 $2 Qxb5 $19) 17... Nxc3 18. Bxc3 (18. Rxc3 Na4
19. Bc6 Nxc3 20. Bxd7 Nxd1 $19) 18... Bxa3 19. Ra1 Bb4 $17) 15... Bb4 $5 $15 {
[%csl Gb4,Gd4][%mdl 2048] Schwarz hat aktives Figurenspiel und kontrolliert
die wichtigsten Punkte.} (15... Nxf3+ 16. exf3 (16. Bxf3 Bxf3 17. exf3 Rad8 $15
) 16... Bh3 $15) 16. e3 {Mit diesem Zug kann Weiß zwar den Abtausch einiger
Figuren erzwingen, aber am Ende findet er sich in einer passiven Stellung ohne
Gegenspiel wieder.} (16. Nd2 $1) 16... Nxf3+ 17. Bxf3 Bxf3 18. Qxf3 c6 $1 {
Dieser Zug ist stärker als der sofortige Gewinn des Pa4.} (18... Bxc3 19. Bxc3
(19. Rxc3 $2 Nxa4 20. Rc2 $17 (20. Rb3 Nc5 $19)) 19... Nxa4 20. Ba1 Rab8 21.
Rc2 $44) (18... Qxd3 19. Red1 Qg6 20. Qxb7 $13) (18... c5 $5) 19. Red1 (19.
bxc6 $5 bxc6 $15) 19... c5 {Schwarz hat großen Raumvorteil - Weiß zu allem
Übel auch noch seinen Pa4 verteidigen.} 20. Ra1 $6 (20. d4 $5 {Mit diesem
Bauernopfer hätte Weiß das Spiel verkomplizieren können.} cxd4 21. exd4 exd4 (
21... Bxc3 22. dxe5 Bxb2 23. Rxd7 Nxd7 24. e6 fxe6 (24... Rxe6 25. Qxb7 $18)
25. Rc7 $132) 22. Ne4 Nxa4 23. Bxd4 Qe6 24. Rc7 $44) 20... Rad8 21. g4 {
Ein sonderbarer Zug - Weiß hat natürlich nicht vor, den schwarzen König
anzugreifen, sondern verteidigt sich damit bloß gegen f7-f5.} (21. Ne4 f5)
21... Bxc3 $1 {Sonst spielt Weiß 22.Ne4,und der Bb4 befände sich zu weit ab
vom Spiel.} 22. Bxc3 Ra8 23. h3 (23. e4 Re6 $17) 23... Nd5 {[%csl Gd5]} 24. Be1
b6 {Der Pa5 ist verteidigt, nun kann Schwarz seinen Ra8 befreien.} 25. Rac1 Re6
26. d4 (26. Rc4) 26... cxd4 27. exd4 e4 $17 {[%csl Gd5][%mdl 32] Jetzt
beherrscht der Nd5 das Brett. Die weiße Königsstellung ist sehr schwach.} 28.
Qg3 Rf8 {[%cal Gf7f5]} 29. Rc4 Rf6 {Ein sehr starker Zug - Weiß hat keine
Verteidigung gegen das Eindringen des Turms auf f3.} (29... f5 30. gxf5 (30. g5
Rg6) 30... Rxf5 $19 {[%cal Re6g6,Rg6g1]}) 30. Bd2 Rf3 $19 {Das Erscheinen des
Turms auf f3 entscheidet die Partie.} 31. Qh4 Rd3 {[%cal Gd3d1]} 32. Kg2 e3 0-1

[Event "Groningen op"]
[Site "Groningen"]
[Date "1990.??.??"]
[Round "6"]
[White "Psakhis, Lev"]
[Black "Ermenkov, Evgenij"]
[Result "1-0"]
[WhiteElo "2575"]
[BlackElo "2465"]
[Annotator "Ribli,Z"]
[PlyCount "77"]
[EventDate "1990.??.??"]
[EventType "swiss"]
[EventRounds "9"]
[EventCountry "NED"]
[SourceTitle "CBM 022"]
[Source "ChessBase"]
[SourceDate "1991.06.01"]
[SourceVersion "1"]
[SourceVersionDate "1991.06.01"]
[SourceQuality "1"]

1. c4 e5 2. g3 Nf6 3. Bg2 d5 4. cxd5 Nxd5 5. Nc3 Nb6 6. Nf3 Nc6 7. O-O g6 $6 8.
a4 a5 9. d3 Bg7 10. Bg5 $1 f6 11. Be3 O-O 12. d4 exd4 13. Nxd4 Nxd4 14. Bxd4
Nd7 $2 15. Bxb7 $1 Bxb7 16. Qb3+ Kh8 17. Qxb7 c5 18. Be3 Rb8 19. Qd5 Qc8 20.
Nb5 Ne5 21. Rac1 Rd8 22. Qe4 c4 23. Rfd1 f5 24. Qh4 Rxd1+ 25. Rxd1 Qf8 26. Bf4
Bf6 27. Bxe5 Bxe5 28. Rd7 Bg7 29. Qxc4 Bxb2 30. Nd6 Bg7 31. Nf7+ Kg8 32. Ng5+
Kh8 33. Ne6 Rb1+ 34. Kg2 Qa8+ 35. f3 Bf6 36. Rf7 Rb4 37. Qc7 Kg8 38. Rxf6 Rb7
39. Qxb7 1-0

[Event "Interzonal-16"]
[Site "Biel"]
[Date "1993.??.??"]
[Round "1"]
[White "Moutousis, Konstantinos"]
[Black "Dvoirys, Semen I"]
[Result "0-1"]
[WhiteElo "2425"]
[BlackElo "2590"]
[Annotator "Ribli,Z"]
[PlyCount "70"]
[EventDate "1993.07.16"]
[EventType "swiss"]
[EventRounds "13"]
[EventCountry "SUI"]
[SourceTitle "CBM 037"]
[Source "ChessBase"]
[SourceDate "1993.12.01"]
[SourceVersion "1"]
[SourceVersionDate "1993.12.01"]
[SourceQuality "1"]

1. c4 e5 2. Nc3 Nc6 3. Nf3 Nf6 4. g3 g6 5. Bg2 Bg7 6. O-O O-O 7. d4 exd4 8.
Nxd4 Rb8 (8... Re8 $5 {Hansen,Cu-Akopian,V/Groningen/1991/CBM27/INF53,32/}) 9.
Nxc6 bxc6 10. Qa4 a6 (10... Rb6 $6 11. c5 Rb7 12. Rb1 Qe7 13. Be3 $14 {
Schwartzman,G-Micic,J/Dortmund-D/1991/EXP22/}) 11. c5 Qe7 12. Qa5 (12. Qc4 $5 {
Grebennikov,S-Burmakin,V/Leningrad/1990/EXP18/}) 12... Ne8 13. b3 (13. Rd1 $5)
13... Qe5 14. Bb2 d5 15. e4 (15. Rab1 $5) 15... dxe4 16. Bxe4 Nd6 $1 17. Bxc6
Nc4 $1 18. bxc4 Rxb2 19. Nd5 Bh3 20. Qxa6 (20. Rfe1 Qd4 21. Ne3 Qf6 $19) 20...
Rxf2 $5 21. Kxf2 Qb2+ 22. Kf3 f5 23. Ne3 g5 24. Bd5+ Kh8 25. Qe6 Qd2 $1 (25...
g4+ 26. Kf4 Qd4+ 27. Kg5 Bf6+ 28. Kh5 $18) 26. g4 (26. Rad1 Bg2+ $1 27. Nxg2
g4# $19) 26... f4 27. Rad1 fxe3+ 28. Kg3 Bxf1 $1 29. Rxf1 (29. Rxd2 exd2 $19)
29... Rb8 30. Rf7 (30. Bf3 $17) 30... Qe1+ 31. Kf3 (31. Kh3 e2 $19) 31... Qf2+
32. Ke4 Qxf7 $1 33. Qxf7 e2 34. Qxc7 (34. Qf2 e1=Q+ 35. Qxe1 Re8+ $19) 34...
e1=Q+ 35. Kf5 Rf8+ 0-1

[Event "Interzonal-16"]
[Site "Biel"]
[Date "1993.??.??"]
[Round "12"]
[White "Hansen, Curt"]
[Black "Nikolic, Predrag"]
[Result "1/2-1/2"]
[WhiteElo "2590"]
[BlackElo "2625"]
[Annotator "Ribli,Z"]
[PlyCount "98"]
[EventDate "1993.07.16"]
[EventType "swiss"]
[EventRounds "13"]
[EventCountry "SUI"]
[SourceTitle "CBM 037"]
[Source "ChessBase"]
[SourceDate "1993.12.01"]
[SourceVersion "1"]
[SourceVersionDate "1993.12.01"]
[SourceQuality "1"]

1. c4 e5 2. Nc3 Nf6 3. Nf3 Nc6 4. g3 Bb4 5. Nd5 Bc5 6. d3 h6 7. Bg2 d6 (7...
O-O {Kortschnoj,V-Karpov,An/Tilburg/1991/CBM26/INF53,44/}) 8. O-O O-O 9. e3 (9.
Nc3 $6 $13 {Stean-Lein/Vrsac/1979/INF28,52/}) 9... Bg4 $5 (9... Nxd5 10. cxd5
Ne7 11. d4 $14) 10. h3 Bh5 11. b3 Nxd5 12. cxd5 Ne7 13. g4 Bg6 14. d4 exd4 15.
Nxd4 c6 16. dxc6 Nxc6 17. Nxc6 bxc6 18. Bb2 (18. Bxc6 Qf6 19. Bd2 Rac8 20. Bg2
Ba3 $44) 18... Rc8 19. Rc1 a5 20. Bd4 Bxd4 21. Qxd4 c5 22. Qd5 Qc7 23. Rfd1 $14
Rfd8 24. Rc4 (24. f4 Kh8 $5) 24... Rb8 25. g5 Kh7 26. h4 (26. gxh6 gxh6 27. h4
h5 $13) 26... hxg5 27. hxg5 (27. Qxg5 f6 28. Qg3 Rb4 $13) 27... Rb4 28. f4 Rxc4
29. Qxc4 (29. bxc4 $5 Qe7 30. Kf2 Re8 31. Re1 $14) 29... Qe7 30. Kf2 Re8 31.
Re1 Kg8 32. Qd5 Bh5 33. Qd2 f6 34. Bd5+ Bf7 35. g6 $1 Bxd5 36. Qxd5+ Qe6 37.
Rd1 f5 $1 38. Kf3 Qxd5+ 39. Rxd5 Re6 40. Rxf5 Rxg6 41. e4 Rh6 42. e5 d5 43. e6
Rxe6 44. Rxd5 a4 45. Rxc5 axb3 46. axb3 Rb6 47. Rc3 Kf7 48. Ke4 Ke6 49. f5+ Kf6
1/2-1/2